[Event "European zonal C"]
[Site "Vratsa BUL"]
[Date "1975.10.23"]
[Round "1"]
[White "Czerniak, Moshe"]
[Black "Strobel, Ferdinand"]
[Result "1-0"]
[WhiteElo "2390"]
[BlackElo "2365"]
[EventDate "1975.10.23"]
[PlyCount "85"]

1.e4 e6 2.d4 d5 3.Nc3 dxe4 4.Nxe4 Nd7 5.Nf3 Ngf6 6.Nxf6+ Nxf6 7.Bd3 c5 8.
O-O cxd4 9.Nxd4 Be7 10.Bf4 O-O 11.c3 Nd5 12.Bg3 Bd6 13.Qf3 Bxg3 14.fxg3 
Bd7 15.Rae1 Qb6 16.Rf2 Nb4 17.Bb1 Nc6 18.Re4 Nxd4 19.Rxd4 Bc6 20.Qh5 g6 
21.Qe5 Rad8 22.h4 Rxd4 23.cxd4 Rd8 24.Qf6 Be8 25.Rd2 Qd6 26.Be4 b6 27.Kf2 
e5 28.Qxd6 Rxd6 29.Ke3 f5 30.Bb7 Bf7 31.dxe5 Rxd2 32.Kxd2 Bxa2 33.Kc3 Kf7 
34.b3 Bb1 35.Bd5+ Ke7 36.Bg8 h6 37.Bh7 g5 38.hxg5 hxg5 39.g4 Ke6 40.Kd4 a5
41.gxf5+ Bxf5 42.Bxf5+ Kxf5 43.Kd5 1-0

[Event "European zonal C"]
[Site "Vratsa BUL"]
[Date "1975.10.23"]
[Round "1"]
[White "Dueball, Jurgen"]
[Black "Sigurjonsson, Gudmundur"]
[Result "1/2-1/2"]
[WhiteElo "2455"]
[BlackElo "2475"]
[EventDate "1975.10.23"]
[PlyCount "44"]

1.e4 g6 2.d4 Bg7 3.Nc3 d6 4.f4 Nf6 5.Nf3 c5 6.dxc5 Qa5 7.Bd3 Qxc5 8.Qe2 
O-O 9.Be3 Qc7 10.O-O Nbd7 11.Qe1 a6 12.Qh4 b5 13.f5 Bb7 14.Bh6 e6 15.fxe6 
fxe6 16.Ng5 Rae8 17.Rf2 Ne5 18.h3 Bxh6 19.Qxh6 Qg7 20.Qxg7+ Kxg7 21.a3 h6 
22.Nf3 Nf7 1/2-1/2

[Event "European zonal C"]
[Site "Vratsa BUL"]
[Date "1975.10.23"]
[Round "1"]
[White "Ermenkov, Evgeny"]
[Black "Gheorghiu, Florin"]
[Result "1/2-1/2"]
[WhiteElo "2430"]
[BlackElo "2540"]
[EventDate "1975.10.23"]
[PlyCount "22"]

1.e4 c5 2.Nf3 e6 3.d4 cxd4 4.Nxd4 a6 5.Nc3 Qc7 6.Be2 b5 7.O-O Bb7 8.Bf3 
Nc6 9.Re1 Ne5 10.Bf4 d6 11.a4 bxa4 1/2-1/2

[Event "European zonal C"]
[Site "Vratsa BUL"]
[Date "1975.10.23"]
[Round "1"]
[White "Matanovic, Aleksandar"]
[Black "Vogt, Lothar"]
[Result "1-0"]
[WhiteElo "2490"]
[BlackElo "2450"]
[EventDate "1975.10.23"]
[PlyCount "81"]

1.e4 c5 2.Nf3 e6 3.d4 cxd4 4.Nxd4 Nf6 5.Nc3 d6 6.Be2 Be7 7.O-O O-O 8.f4 
Nc6 9.Be3 e5 10.Nb3 exf4 11.Rxf4 Be6 12.Nd4 Nxd4 13.Bxd4 Nd7 14.Kh1 Bg5 
15.Rf1 Ne5 16.Bg1 Qe7 17.Nd5 Bxd5 18.Qxd5 Ng6 19.Bc4 Rac8 20.Bb3 b6 21.a4 
Nf4 22.Qf5 Ne6 23.a5 Nc5 24.axb6 axb6 25.Bd5 Bf6 26.c3 b5 27.Ra5 Rb8 28.
Rf3 b4 29.cxb4 Rxb4 30.Rxc5 dxc5 31.Bxc5 Qxc5 32.Bxf7+ Rxf7 33.Qxc5 Rxe4 
34.Rf1 Rfe7 35.g3 h6 36.b4 Re2 37.b5 Rb2 38.Rf2 Rb1+ 39.Kg2 Re8 40.Qc2 Rb4
41.Rxf6 1-0

[Event "European zonal C"]
[Site "Vratsa BUL"]
[Date "1975.10.23"]
[Round "1"]
[White "Matulovic, Milan"]
[Black "Ree, Hans"]
[Result "1/2-1/2"]
[WhiteElo "2530"]
[BlackElo "2470"]
[EventDate "1975.10.23"]
[PlyCount "122"]

1.e4 e5 2.Nf3 Nc6 3.Bb5 Nf6 4.O-O Nxe4 5.Re1 Nd6 6.Nxe5 Be7 7.Bd3 O-O 8.
Nc3 Ne8 9.Nd5 Bf6 10.Nxf6+ Nxf6 11.b3 Nb4 12.Be2 d6 13.Nf3 Bg4 14.h3 Bh5 
15.d3 Re8 16.Bd2 Nc6 17.g4 Bg6 18.Bg5 d5 19.Qd2 h6 20.Bh4 Qd6 21.Bg3 Qd7 
22.Qf4 Rac8 23.Bf1 Nh7 24.Rxe8+ Qxe8 25.Re1 Qd7 26.Ne5 Nxe5 27.Qxe5 Nf6 
28.f4 Qc6 29.f5 Bh7 30.c3 Re8 31.Qd4 Rxe1 32.Bxe1 h5 33.Bh4 Nd7 34.Bg2 
hxg4 35.Bxd5 Qb6 36.hxg4 Ne5 37.Bf2 Qxd4 38.Bxd4 c6 39.Be4 Nxg4 40.Bxa7 
Nf6 41.Bc5 Nxe4 42.dxe4 g6 43.f6 g5 44.e5 Bb1 45.a3 Ba2 46.b4 b5 47.Be3 g4
48.Bh6 Kh7 49.Bf4 Kg6 50.Kf2 Kf5 51.Ke3 Ke6 52.Kd4 Kd7 53.Kc5 Be6 54.Kb6 
Bb3 55.Bg3 Be6 56.Bf4 Bb3 57.Kc5 Be6 58.Kb6 Bb3 59.Bh2 Be6 60.Kc5 Bb3 61.
Bg3 Be6 1/2-1/2

[Event "European zonal C"]
[Site "Vratsa BUL"]
[Date "1975.10.23"]
[Round "1"]
[White "Sax, Gyula"]
[Black "Letzelter, Jean-Claude"]
[Result "1-0"]
[WhiteElo "2510"]
[BlackElo "2240"]
[EventDate "1975.10.23"]
[PlyCount "81"]

1.e4 Nf6 2.e5 Nd5 3.d4 d6 4.Nf3 g6 5.Bc4 c6 6.exd6 Qxd6 7.O-O Bg7 8.Nbd2 
Bf5 9.Bb3 Nd7 10.h3 h6 11.Re1 Qc7 12.Nf1 O-O 13.c4 N5f6 14.Rxe7 Ne4 15.Bc2
Rae8 16.Rxe8 Rxe8 17.g4 Ng5 18.gxf5 Nxh3+ 19.Kg2 Nf4+ 20.Bxf4 Qxf4 21.Ng3 
g5 22.Qd2 Nf6 23.Qxf4 gxf4 24.Nf1 Re2 25.Bd3 Rxb2 26.Rb1 Rxa2 27.Rxb7 Ng4 
28.N1d2 Bxd4 29.Bb1 Rb2 30.Rxb2 Bxb2 31.Nb3 Ba3 32.Nbd4 Bc5 33.Nxc6 Nxf2 
34.Nfe5 Nd1 35.f6 Bd6 36.c5 Bc7 37.Ba2 Kf8 38.Bxf7 Ne3+ 39.Kf3 Nf5 40.Bh5 
Nd4+ 41.Nxd4 1-0

[Event "European zonal C"]
[Site "Vratsa BUL"]
[Date "1975.10.23"]
[Round "1"]
[White "Wirthensohn, Heinz"]
[Black "Radulov, Ivan"]
[Result "1/2-1/2"]
[WhiteElo "2330"]
[BlackElo "2510"]
[EventDate "1975.10.23"]
[PlyCount "80"]

1.Nf3 d5 2.g3 c5 3.Bg2 Nc6 4.O-O e5 5.d3 Bd6 6.Nc3 Nge7 7.e4 d4 8.Nd5 O-O 
9.c4 f5 10.exf5 Bxf5 11.Ng5 h6 12.Ne4 Nxd5 13.cxd5 Ne7 14.Qb3 b6 15.f4 Ng6
16.fxe5 Nxe5 17.Bf4 Qd7 18.Rae1 Rae8 19.Nxd6 Qxd6 20.Qd1 g5 21.Bxe5 Rxe5 
22.Rxe5 Qxe5 23.Qf3 Rf7 24.Bh3 Bxh3 25.Qxf7+ Kh8 26.Qf6+ Qxf6 27.Rxf6 Kg7 
28.Rc6 Bf5 29.b4 cxb4 30.Rc7+ Kf6 31.Rxa7 Bxd3 32.Ra4 Bc2 33.Rxb4 d3 34.
Rd4 Ke5 35.d6 Kxd4 36.d7 d2 37.d8=Q+ Kc3 38.Qf6+ Kd3 39.Qg6+ Kc3 40.Qf6+ 
Kd3 1/2-1/2

[Event "European zonal C"]
[Site "Vratsa BUL"]
[Date "1975.10.24"]
[Round "2"]
[White "Bednarski, Jacek"]
[Black "Matulovic, Milan"]
[Result "1-0"]
[WhiteElo "2425"]
[BlackElo "2530"]
[EventDate "1975.10.23"]
[PlyCount "109"]

1.e4 c5 2.Nf3 Nc6 3.Bb5 g6 4.O-O Bg7 5.c3 Nf6 6.Re1 O-O 7.d4 cxd4 8.cxd4 
d5 9.e5 Ne4 10.Nc3 Nxc3 11.bxc3 Na5 12.Bg5 Bd7 13.Bd3 Rc8 14.Rc1 Re8 15.
Qd2 Nc4 16.Qf4 Nb2 17.Bb1 Na4 18.Bh6 Nxc3 19.Bxg7 Kxg7 20.e6 Bxe6 21.Rxe6 
fxe6 22.Rxc3 Rxc3 23.Ng5 Rf8 24.Nxe6+ Kg8 25.Qh6 Rc1+ 26.Qxc1 Qc8 27.Qe3 
Rf6 28.Nc5 b6 29.Nd3 Qf5 30.Qxe7 Qg4 31.Qd8+ Kg7 32.Qc7+ Kg8 33.Qc3 Qd1+ 
34.Qe1 Qxe1+ 35.Nxe1 Rc6 36.Nc2 b5 37.Kf1 a5 38.Ke2 b4 39.Kd2 Kf7 40.Ne3 
Ke6 41.Bc2 Rc3 42.Bb3 Kd6 43.h4 h6 44.g3 h5 45.Bxd5 a4 46.Be4 Ke6 47.Bxg6 
Ra3 48.Bf5+ Kf6 49.Bb1 b3 50.Nd5+ Ke6 51.Nc3 bxa2 52.Bxa2+ Kf5 53.f3 Kf6 
54.Kc2 Ke7 55.Kb2 1-0

[Event "European zonal C"]
[Site "Vratsa BUL"]
[Date "1975.10.24"]
[Round "2"]
[White "Dueball, Jurgen"]
[Black "Sax, Gyula"]
[Result "1/2-1/2"]
[WhiteElo "2455"]
[BlackElo "2510"]
[EventDate "1975.10.23"]
[PlyCount "65"]

1.e4 c5 2.Nf3 e6 3.d4 cxd4 4.Nxd4 Nf6 5.Nc3 d6 6.f4 Nc6 7.Be3 Be7 8.Be2 
O-O 9.O-O a6 10.Qe1 Qc7 11.Qg3 Nxd4 12.Bxd4 b5 13.a3 Bb7 14.Rae1 Bc6 15.
Bd3 g6 16.e5 Nh5 17.Qh3 dxe5 18.Bxe5 Qb6+ 19.Kh1 Rae8 20.Ne4 f5 21.Ng5 
Bxg5 22.fxg5 f4 23.Be2 Qc5 24.Bg4 Bd5 25.c3 Qc4 26.Bxh5 gxh5 27.Qxh5 f3 
28.gxf3 Qd3 29.Bf6 Re7 30.Rd1 Qe2 31.Rde1 Qd3 32.Rd1 Qe2 33.Rde1 1/2-1/2

[Event "European zonal C"]
[Site "Vratsa BUL"]
[Date "1975.10.24"]
[Round "2"]
[White "Gheorghiu, Florin"]
[Black "Matanovic, Aleksandar"]
[Result "1/2-1/2"]
[WhiteElo "2540"]
[BlackElo "2490"]
[EventDate "1975.10.23"]
[PlyCount "48"]

1.c4 Nf6 2.d4 e6 3.g3 Bb4+ 4.Bd2 Qe7 5.Bg2 Nc6 6.Nf3 Bxd2+ 7.Nbxd2 d6 8.
O-O O-O 9.e4 e5 10.d5 Nb8 11.Ne1 c6 12.Nd3 cxd5 13.cxd5 Na6 14.b4 Bd7 15.
a4 Rac8 16.Qb3 Rc7 17.Rfc1 Rxc1+ 18.Rxc1 b5 19.a5 Rc8 20.Rxc8+ Bxc8 21.Qc3
Qc7 22.Qxc7 Nxc7 23.f4 Nd7 24.Bh3 f6 1/2-1/2

[Event "European zonal C"]
[Site "Vratsa BUL"]
[Date "1975.10.24"]
[Round "2"]
[White "Letzelter, Jean-Claude"]
[Black "Ermenkov, Evgeny"]
[Result "0-1"]
[WhiteElo "2240"]
[BlackElo "2430"]
[EventDate "1975.10.23"]
[PlyCount "66"]

1.e4 c5 2.Nf3 Nc6 3.d4 cxd4 4.Nxd4 Nf6 5.Nc3 d6 6.Be2 e5 7.Nf3 h6 8.h3 Be6
9.Nh2 d5 10.exd5 Nxd5 11.Nxd5 Bxd5 12.O-O Be7 13.Bf3 Bxf3 14.Qxf3 O-O 15.
Rd1 Qc8 16.Ng4 Qe6 17.Ne3 Rad8 18.Bd2 Nd4 19.Qh5 Bg5 20.Rdc1 e4 21.Kh1 g6 
22.Qg4 f5 23.Qd1 f4 24.Ng4 h5 25.Nh2 e3 26.Bb4 f3 27.Bxf8 e2 28.Qe1 Rxf8 
29.g4 Bxc1 30.Rxc1 Qe4 31.Qb4 Re8 32.Re1 Nxc2 33.Qb3+ Re6 0-1

[Event "European zonal C"]
[Site "Vratsa BUL"]
[Date "1975.10.24"]
[Round "2"]
[White "Ree, Hans"]
[Black "Czerniak, Moshe"]
[Result "1-0"]
[WhiteElo "2470"]
[BlackElo "2390"]
[EventDate "1975.10.23"]
[PlyCount "65"]

1.c4 g6 2.d4 Bg7 3.Nc3 d6 4.Nf3 Bg4 5.e3 Nd7 6.Be2 e5 7.h3 Bxf3 8.Bxf3 
exd4 9.exd4 c6 10.O-O Ne7 11.Bg5 Nf6 12.d5 c5 13.Qa4+ Qd7 14.Bd1 Qxa4 15.
Bxa4+ Kf8 16.g4 Rd8 17.Rfe1 h6 18.Bd2 g5 19.f4 gxf4 20.Bxf4 a6 21.Bg3 Rg8 
22.Re2 Ng6 23.Rf1 Ne5 24.Bxe5 dxe5 25.Ref2 Ke7 26.Rf5 Rdf8 27.Rxe5+ Kd8 
28.Ref5 Nh7 29.Rxf7 Rxf7 30.Rxf7 b5 31.cxb5 axb5 32.Bxb5 Ng5 33.Ra7 1-0

[Event "European zonal C"]
[Site "Vratsa BUL"]
[Date "1975.10.24"]
[Round "2"]
[White "Sigurjonsson, Gudmundur"]
[Black "Strobel, Ferdinand"]
[Result "1-0"]
[WhiteElo "2475"]
[BlackElo "2365"]
[EventDate "1975.10.23"]
[PlyCount "81"]

1.e4 e5 2.Nf3 Nc6 3.Bb5 a6 4.Ba4 Nf6 5.O-O Nxe4 6.d4 b5 7.Bb3 d5 8.dxe5 
Be6 9.c3 Bc5 10.Qd3 O-O 11.Be3 f6 12.exf6 Qxf6 13.Nbd2 Ne5 14.Nxe5 Qxe5 
15.Bd4 Bxd4 16.cxd4 Qd6 17.Rae1 Nf6 18.Bc2 g6 19.Qg3 Qxg3 20.hxg3 Rae8 21.
f3 Bf7 22.Nb3 Nd7 23.g4 Rxe1 24.Rxe1 Re8 25.Rxe8+ Bxe8 26.g5 Kf8 27.Kf2 
Ke7 28.f4 Kd6 29.g4 c5 30.Nxc5 Nxc5 31.dxc5+ Kxc5 32.f5 Kd4 33.Kf3 Ke5 34.
b4 gxf5 35.gxf5 Bh5+ 36.Ke3 d4+ 37.Kd2 Bf7 38.f6 Kf4 39.Bb3 Bg6 40.f7 Bxf7
41.Bxf7 1-0

[Event "European zonal C"]
[Site "Vratsa BUL"]
[Date "1975.10.24"]
[Round "2"]
[White "Vogt, Lothar"]
[Black "Wirthensohn, Heinz"]
[Result "1/2-1/2"]
[WhiteElo "2450"]
[BlackElo "2330"]
[EventDate "1975.10.23"]
[PlyCount "63"]

1.e4 c5 2.Nf3 Nc6 3.d4 cxd4 4.Nxd4 Nf6 5.Nc3 e5 6.Ndb5 d6 7.a4 Be6 8.Bg5 
Nb4 9.Bxf6 gxf6 10.Nd5 Nxd5 11.exd5 Bd7 12.g3 a6 13.Nc3 Bg7 14.Bg2 O-O 15.
O-O f5 16.Ra3 b5 17.axb5 axb5 18.Rxa8 Qxa8 19.Qh5 Qc8 20.Bh3 b4 21.Nd1 f4 
22.Bxd7 Qxd7 23.c3 Qb5 24.Qf3 f5 25.gxf4 e4 26.Qh5 Qxd5 27.Ne3 Qe6 28.Rd1 
bxc3 29.bxc3 Bxc3 30.Rd5 Qg6+ 31.Qxg6+ hxg6 32.Rxd6 1/2-1/2

[Event "European zonal C"]
[Site "Vratsa BUL"]
[Date "1974.10.25"]
[Round "3"]
[White "Czerniak, Moshe"]
[Black "Bednarski, Jacek"]
[Result "0-1"]
[WhiteElo "2390"]
[BlackElo "2425"]
[EventDate "1975.10.23"]
[PlyCount "58"]

1.Nf3 g6 2.d4 Bg7 3.e4 d6 4.Nc3 Nf6 5.h3 O-O 6.Be3 c6 7.Be2 b5 8.a3 Bb7 9.
O-O a6 10.Nd2 e5 11.dxe5 dxe5 12.Nb3 Qc7 13.Nc5 Rd8 14.Qe1 Nbd7 15.Nxb7 
Qxb7 16.f4 exf4 17.Bxf4 Re8 18.Bd3 Ne5 19.Rd1 Nfd7 20.Be2 Nc5 21.Qg3 a5 
22.b4 axb4 23.axb4 Na6 24.Na2 Qe7 25.Qb3 Nc7 26.Nc1 Ne6 27.Be3 Qh4 28.Bd3 
Qg3 29.Bf2 Nf3+ 0-1

[Event "European zonal C"]
[Site "Vratsa BUL"]
[Date "1975.10.25"]
[Round "3"]
[White "Ermenkov, Evgeny"]
[Black "Dueball, Jurgen"]
[Result "1/2-1/2"]
[WhiteElo "2430"]
[BlackElo "2455"]
[EventDate "1975.10.23"]
[PlyCount "40"]

1.d4 Nf6 2.Nf3 g6 3.Bf4 Bg7 4.e3 d6 5.h3 O-O 6.Be2 Nbd7 7.O-O b6 8.c4 Bb7 
9.Nc3 Re8 10.Qc2 e5 11.dxe5 Nxe5 12.Nxe5 dxe5 13.Bg5 h6 14.Bh4 Qe7 15.Rfd1
Rad8 16.Qa4 a5 17.a3 Rxd1+ 18.Rxd1 Rd8 19.Bg3 Rxd1+ 20.Qxd1 Ne4 1/2-1/2

[Event "European zonal C"]
[Site "Vratsa BUL"]
[Date "1975.10.25"]
[Round "3"]
[White "Matanovic, Aleksandar"]
[Black "Letzelter, Jean-Claude"]
[Result "1-0"]
[WhiteElo "2490"]
[BlackElo "2240"]
[EventDate "1975.10.23"]
[PlyCount "69"]

1.e4 Nf6 2.e5 Nd5 3.d4 d6 4.Nf3 g6 5.Bc4 c6 6.O-O Bg7 7.exd6 Qxd6 8.Re1 
O-O 9.Bg5 Bg4 10.Nbd2 Nf6 11.Qe2 e6 12.Bb3 Nbd7 13.Rad1 h6 14.Bh4 Rfe8 15.
Bg3 Qe7 16.h3 Bxf3 17.Nxf3 Nh5 18.Bh2 Qf6 19.Ne5 Nb6 20.c4 Rad8 21.a4 a6 
22.Qe3 Bf8 23.Ng4 Qe7 24.a5 Nd7 25.Nxh6+ Bxh6 26.Qxh6 Qb4 27.Re3 Qxa5 28.
c5 Ng7 29.g4 Rc8 30.Rf3 Qd8 31.Bd6 Qa5 32.h4 Qb5 33.Rd2 Qa5 34.h5 Qa1+ 35.
Rd1 1-0

[Event "European zonal C"]
[Site "Vratsa BUL"]
[Date "1975.10.25"]
[Round "3"]
[White "Matulovic, Milan"]
[Black "Radulov, Ivan"]
[Result "1-0"]
[WhiteElo "2530"]
[BlackElo "2510"]
[EventDate "1975.10.23"]
[PlyCount "100"]

1.e4 c6 2.d4 d5 3.Nd2 dxe4 4.Nxe4 Nd7 5.Bc4 Ngf6 6.Ng5 e6 7.Qe2 Nb6 8.Bb3 
h6 9.N5f3 c5 10.Be3 Nbd5 11.O-O-O Nxe3 12.fxe3 Be7 13.Ne5 O-O 14.Ngf3 Qc7 
15.g4 Ne4 16.Rhg1 a5 17.a4 b6 18.h4 Ba6 19.Bc4 Bxc4 20.Qxc4 Nd6 21.Qe2 b5 
22.g5 h5 23.g6 fxg6 24.Nxg6 bxa4 25.Nfe5 Rf5 26.e4 Rxe5 27.dxe5 Nf7 28.Qc4
a3 29.Qxe6 Re8 30.Qc4 Bxh4 31.Nxh4 Qxe5 32.Nf5 Qxb2+ 33.Kd2 Rd8+ 34.Ke3 
Rxd1 35.Rxd1 a2 36.Nd6 Kh7 37.Qxf7 a1=Q 38.Qxh5+ Kg8 39.Qf7+ Kh7 40.Qh5+ 
Kg8 41.Qd5+ Kh7 42.Rxa1 Qxa1 43.Kd2 a4 44.Qh5+ Kg8 45.Qxc5 a3 46.Qc3 Qb2 
47.Nc4 Qb7 48.Nxa3 Qxe4 49.Qc4+ Qxc4 50.Nxc4 Kf7 1-0

[Event "European zonal C"]
[Site "Vratsa BUL"]
[Date "1975.10.25"]
[Round "3"]
[White "Sax, Gyula"]
[Black "Sigurjonsson, Gudmundur"]
[Result "0-1"]
[WhiteElo "2510"]
[BlackElo "2475"]
[EventDate "1975.10.23"]
[PlyCount "73"]

1.e4 g6 2.d4 Bg7 3.Nc3 d6 4.f4 Nf6 5.Nf3 c5 6.e5 Nfd7 7.exd6 O-O 8.Be3 
exd6 9.Qd2 Nc6 10.O-O-O Qa5 11.f5 Nf6 12.fxg6 hxg6 13.Bh6 Bg4 14.Bxg7 Kxg7
15.d5 Bxf3 16.gxf3 Nd4 17.Qf4 Rfe8 18.Kb1 Re5 19.Bd3 b5 20.Qg3 b4 21.Ne4 
Nf5 22.Qg5 Qd8 23.Qd2 Nxd5 24.h4 Nde3 25.Rdg1 c4 26.Be2 c3 27.Qc1 d5 28.
Ng5 Qf6 29.h5 Rh8 30.f4 Re7 31.b3 Nxc2 32.Nxf7 Na3+ 33.Ka1 Kxf7 34.Rxg6 
Qd4 35.Rd1 Rxe2 36.Rxd4 Nxd4 37.Rg7+ 0-1

[Event "European zonal C"]
[Site "Vratsa BUL"]
[Date "1975.10.25"]
[Round "3"]
[White "Strobel, Ferdinand"]
[Black "Ree, Hans"]
[Result "1/2-1/2"]
[WhiteElo "2365"]
[BlackElo "2470"]
[EventDate "1975.10.23"]
[PlyCount "114"]

1.f4 c5 2.Nf3 g6 3.g3 Bg7 4.Bg2 Nc6 5.O-O e6 6.Nh4 Nge7 7.e4 d6 8.Nc3 Nd4 
9.Ne2 f5 10.d3 O-O 11.c3 Ndc6 12.Be3 b6 13.d4 Ba6 14.Re1 Qc7 15.Rc1 Rad8 
16.d5 exd5 17.exd5 Na5 18.b3 b5 19.Nf3 h6 20.h4 Qb7 21.Bf2 Rfe8 22.Nh2 Kh8
23.Rc2 Ng8 24.g4 fxg4 25.Nxg4 Qf7 26.Rf1 Bc8 27.Ne3 Re7 28.b4 Nb7 29.f5 
Be5 30.Nc1 gxf5 31.Nd3 c4 32.Ne1 Nf6 33.Bf3 Rg8+ 34.N3g2 Ng4 35.Bxg4 Rxg4 
36.Bxa7 Qg6 37.Nf3 f4 38.Bd4 Rg3 39.Rff2 Bg4 40.Nxe5 dxe5 41.Qe1 Qf6 42.
Rf1 Rxg2+ 43.Rxg2 Bh3 44.Qg3 Bxg2 45.Rxf4 Qg7 46.Rg4 exd4 47.Rxg7 Rxg7 48.
Qb8+ Kh7 49.cxd4 c3 50.Qf4 Bxd5+ 51.Kh2 Rf7 52.Qe5 Bf3 53.Qe3 Nd6 54.Qxc3 
Be4 55.Qc5 Rf2+ 56.Kg1 Rf6 57.Qe5 Kg6 1/2-1/2

[Event "European zonal C"]
[Site "Vratsa BUL"]
[Date "1975.10.25"]
[Round "3"]
[White "Wirthensohn, Heinz"]
[Black "Gheorghiu, Florin"]
[Result "0-1"]
[WhiteElo "2330"]
[BlackElo "2540"]
[EventDate "1975.10.23"]
[PlyCount "110"]

1.Nf3 Nf6 2.g3 g6 3.Bg2 Bg7 4.b3 c5 5.Bb2 d5 6.c4 d4 7.b4 O-O 8.O-O Nfd7 
9.d3 e5 10.Nbd2 Na6 11.bxc5 Ndxc5 12.Rb1 Re8 13.Ba1 Bd7 14.Nb3 Ba4 15.Qc1 
Rb8 16.Nxc5 Nxc5 17.Nd2 Qc7 18.Ne4 Nxe4 19.Bxe4 Bc6 20.Bxc6 Qxc6 21.e4 a6 
22.Bb2 b5 23.Ba3 bxc4 24.Qxc4 Qxc4 25.dxc4 Rbc8 26.c5 Bf8 27.Rfc1 f5 28.
exf5 gxf5 29.Rb6 e4 30.Kf1 d3 31.Rxa6 Ra8 32.Rxa8 Rxa8 33.Bb4 Bh6 34.Ra1 
Kf7 35.a3 Ke6 36.Rb1 Kd5 37.Rb3 Bg7 38.Rb1 Bd4 39.Rc1 Bb2 40.Rb1 Bd4 41.
Rc1 Ra6 42.h3 h5 43.Kg2 Rc6 44.a4 Bxc5 45.Bd2 Rb6 46.Rd1 Rb2 47.g4 hxg4 
48.hxg4 f4 49.Kf1 Bxf2 50.Bxf4 Bd4 51.Bd2 Kc4 52.a5 e3 53.Rc1+ Kd5 54.Be1 
Rh2 55.Kg1 d2 0-1

[Event "European zonal C"]
[Site "Vratsa BUL"]
[Date "1975.10.27"]
[Round "4"]
[White "Bednarski, Jacek"]
[Black "Strobel, Ferdinand"]
[Result "0-1"]
[WhiteElo "2425"]
[BlackElo "2365"]
[EventDate "1975.10.23"]
[PlyCount "98"]

1.e4 e5 2.Nf3 Nc6 3.Bb5 a6 4.Bxc6 dxc6 5.O-O f6 6.d4 exd4 7.Nxd4 c5 8.Nb3 
Qxd1 9.Rxd1 Bd7 10.a4 b6 11.Nc3 O-O-O 12.Bf4 Be6 13.Rxd8+ Kxd8 14.a5 g5 
15.Be3 Bxb3 16.cxb3 Kc8 17.axb6 cxb6 18.Rxa6 Kb7 19.Ra1 Ne7 20.Re1 Kc6 21.
f3 h6 22.Kf2 Bg7 23.h4 gxh4 24.Rh1 Ng6 25.f4 b5 26.Rc1 Rc8 27.Kf3 h5 28.
Ne2 Bf8 29.Nd4+ Kd7 30.Nxb5 Rb8 31.Rd1+ Kc6 32.Na7+ Kc7 33.Ra1 Rxb3 34.Ra6
Bd6 35.e5 fxe5 36.f5 Ne7 37.f6 Nd5 38.Ra3 Rxb2 39.f7 Nf6 40.Bh6 e4+ 41.Ke3
Ng4+ 42.Kxe4 Nxh6 43.Rf3 Bf8 44.Kd5 Kb7 45.Ra3 c4 46.Re3 Kxa7 47.Re8 Rb8 
48.Kxc4 Nxf7 49.Re2 Rc8+ 0-1

[Event "European zonal C"]
[Site "Vratsa BUL"]
[Date "1975.10.27"]
[Round "4"]
[White "Dueball, Jurgen"]
[Black "Matanovic, Aleksandar"]
[Result "1/2-1/2"]
[WhiteElo "2455"]
[BlackElo "2490"]
[EventDate "1975.10.23"]
[PlyCount "44"]

1.e4 e5 2.Nf3 Nc6 3.Bb5 a6 4.Ba4 Nf6 5.O-O Be7 6.Re1 b5 7.Bb3 d6 8.c3 O-O 
9.h3 Nd7 10.d4 Nb6 11.Nbd2 exd4 12.cxd4 Nb4 13.d5 Nd3 14.Re3 Nxc1 15.Rxc1 
Bf6 16.Rc2 Nd7 17.Nf1 Bb7 18.Ng3 g6 19.Ne2 Re8 20.Ned4 Nc5 21.Rce2 Bg7 22.
Re1 Rc8 1/2-1/2

[Event "European zonal C"]
[Site "Vratsa BUL"]
[Date "1975.10.27"]
[Round "4"]
[White "Letzelter, Jean-Claude"]
[Black "Wirthensohn, Heinz"]
[Result "0-1"]
[WhiteElo "2240"]
[BlackElo "2330"]
[EventDate "1975.10.23"]
[PlyCount "82"]

1.e4 c5 2.Nf3 Nc6 3.d4 cxd4 4.Nxd4 Nf6 5.Nc3 e5 6.Nb3 Bb4 7.Bg5 h6 8.Bxf6 
Bxc3+ 9.bxc3 Qxf6 10.Bc4 O-O 11.O-O d6 12.Bd5 Qe7 13.Qe2 Be6 14.Rfd1 Nd8 
15.Qb5 Rc8 16.Qb4 Qc7 17.h3 b6 18.a4 a5 19.Qa3 Bxd5 20.Rxd5 Nb7 21.Nd2 
Qxc3 22.Qxc3 Rxc3 23.Rb1 Rc6 24.Rdb5 Rxc2 25.Nf1 Nc5 26.Rxb6 Nxe4 27.Re1 
Rc4 28.f3 Ng5 29.Rxd6 Rb8 30.Rd5 Rxa4 31.Rexe5 Ra8 32.f4 Nh7 33.Ng3 Nf6 
34.Rb5 Ra2 35.Nf5 a4 36.Ra5 Rd8 37.Re3 g6 38.Nxh6+ Kg7 39.Ra6 Rd1+ 40.Kh2 
Nh5 41.Nxf7 Raa1 0-1

[Event "European zonal C"]
[Site "Vratsa BUL"]
[Date "1975.10.27"]
[Round "4"]
[White "Radulov, Ivan"]
[Black "Czerniak, Moshe"]
[Result "1-0"]
[WhiteElo "2510"]
[BlackElo "2390"]
[EventDate "1975.10.23"]
[PlyCount "85"]

1.e4 g6 2.d4 c6 3.f4 d5 4.e5 Nh6 5.Be2 Bg7 6.Nf3 Bg4 7.Be3 Bxf3 8.Bxf3 Nf5
9.Bf2 h5 10.Nc3 Nd7 11.Qd2 Nf8 12.g3 Ne6 13.Ne2 Qb6 14.O-O-O f6 15.Rhf1 
O-O-O 16.Qd3 Bh6 17.Kb1 Qb5 18.Qa3 a5 19.Rfe1 Nc7 20.Nc1 fxe5 21.dxe5 e6 
22.Be2 Bf8 23.Qf3 Qa4 24.Nb3 d4 25.Bd3 c5 26.c3 Nd5 27.Be4 Rh7 28.Rc1 Rc7 
29.Red1 Nde3 30.Bxf5 Nxf5 31.cxd4 cxd4 32.Rxc7+ Kxc7 33.h3 Qb5 34.g4 hxg4 
35.hxg4 a4 36.Nxd4 Nxd4 37.Bxd4 a3 38.Qc3+ Kb8 39.Ba7+ Kxa7 40.Rxd8 Bb4 
41.Qd3 Qc6 42.Qc2 Qb6 43.Qa4+ 1-0

[Event "European zonal C"]
[Site "Vratsa BUL"]
[Date "1975.10.27"]
[Round "4"]
[White "Sax, Gyula"]
[Black "Ermenkov, Evgeny"]
[Result "0-1"]
[WhiteElo "2510"]
[BlackElo "2430"]
[EventDate "1975.10.23"]
[PlyCount "50"]

1.e4 c5 2.Nf3 d6 3.d4 cxd4 4.Nxd4 Nf6 5.Nc3 Nc6 6.Bc4 e6 7.Be3 Be7 8.Qe2 
a6 9.O-O-O Qc7 10.Rhg1 O-O 11.g4 Nxe4 12.Nxe4 d5 13.Bd3 dxe4 14.Bxe4 e5 
15.Nf5 Be6 16.Nxg7 Kxg7 17.g5 Rh8 18.Qh5 Rad8 19.Rdf1 Nd4 20.Bd2 Bxa2 21.
Bc3 Ne2+ 22.Qxe2 Qxc3 23.Bd3 Rxd3 24.Qxd3 Qxd3 25.cxd3 Bb4 0-1

[Event "European zonal C"]
[Site "Vratsa BUL"]
[Date "1975.10.27"]
[Round "4"]
[White "Sigurjonsson, Gudmundur"]
[Black "Ree, Hans"]
[Result "1/2-1/2"]
[WhiteElo "2475"]
[BlackElo "2470"]
[EventDate "1975.10.23"]
[PlyCount "59"]

1.e4 c5 2.Nf3 e6 3.d4 cxd4 4.Nxd4 Nc6 5.Nc3 Nf6 6.Nxc6 bxc6 7.e5 Nd5 8.Ne4
f5 9.exf6 Nxf6 10.Nd6+ Bxd6 11.Qxd6 Qb6 12.Bd3 c5 13.Bf4 Bb7 14.O-O Rc8 
15.c4 Qxd6 16.Bxd6 Rc6 17.Be5 O-O 18.Rad1 d6 19.Bc3 d5 20.Rfe1 Rb6 21.b3 
Ra8 22.cxd5 Bxd5 23.Re3 a5 24.Bc4 Bxc4 25.bxc4 a4 26.h3 Rab8 27.Kh2 Kf7 
28.Re5 R8b7 29.f3 Rd7 30.Ree1 1/2-1/2

[Event "European zonal C"]
[Site "Vratsa BUL"]
[Date "1975.10.27"]
[Round "4"]
[White "Vogt, Lothar"]
[Black "Matulovic, Milan"]
[Result "0-1"]
[WhiteElo "2450"]
[BlackElo "2530"]
[EventDate "1975.10.23"]
[PlyCount "86"]

1.Nf3 g6 2.e4 d6 3.d4 Nf6 4.Nc3 Bg7 5.Be2 O-O 6.O-O Bg4 7.Be3 Nc6 8.Qd2 e5
9.d5 Ne7 10.Rad1 Bxf3 11.Bxf3 Nd7 12.g3 f5 13.Bg2 Nb6 14.b3 f4 15.Bxb6 
cxb6 16.Bh3 h5 17.Nb5 a6 18.Na3 Qc7 19.c4 Kh7 20.b4 Ng8 21.Qd3 Bh6 22.Be6 
Nf6 23.f3 fxg3 24.hxg3 h4 25.g4 Kg7 26.Qc3 Nh7 27.c5 Ng5 28.f4 Nxe4 29.Qe3
Ng3 30.cxb6 Nxf1 31.Rxf1 Qe7 32.g5 Bxg5 33.fxg5 Rxf1+ 34.Kxf1 Rf8+ 35.Ke2 
Rf4 36.Qg1 Rxb4 37.Nc2 Rf4 38.Ne1 Qe8 39.Nd3 Re4+ 40.Kf3 Rd4 41.Qb1 e4+ 
42.Ke3 Rxd3+ 43.Kxe4 Rg3 0-1

[Event "European zonal C"]
[Site "Vratsa BUL"]
[Date "1975.10.28"]
[Round "5"]
[White "Czerniak, Moshe"]
[Black "Vogt, Lothar"]
[Result "1/2-1/2"]
[WhiteElo "2390"]
[BlackElo "2450"]
[EventDate "1975.10.23"]
[PlyCount "99"]

1.d4 Nf6 2.g3 c5 3.d5 e6 4.c4 exd5 5.cxd5 d6 6.Bg2 g6 7.Nc3 Bg7 8.Nf3 O-O 
9.O-O Bg4 10.h3 Bxf3 11.exf3 a6 12.a4 Nbd7 13.f4 c4 14.Qe2 Rc8 15.Be3 Qa5 
16.Rfe1 Rfe8 17.Ra3 Re7 18.Qd2 Nc5 19.Ne4 Qxd2 20.Nxd2 b5 21.axb5 axb5 22.
Bxc5 dxc5 23.Ra5 Rb8 24.Kf1 Rd7 25.Rd1 Nxd5 26.Nxc4 Nb6 27.Rxd7 Nxd7 28.
Nd6 Bxb2 29.Rxb5 Rxb5 30.Nxb5 Kf8 31.Ke2 Ke7 32.Kd3 Nb6 33.g4 f5 34.gxf5 
gxf5 35.h4 Bc1 36.Bh3 Kf6 37.Nd6 Nd5 38.Kc4 Nxf4 39.Bxf5 Ke5 40.Kxc5 h5 
41.Kc6 Ba3 42.Nc4+ Kxf5 43.Nxa3 Ng2 44.Kd5 Nxh4 45.Nc2 Ng2 46.Nd4+ Kf4 47.
Ne6+ Kf3 48.Ke5 Kxf2 49.Kf5 Kg3 50.Nc5 1/2-1/2

[Event "European zonal C"]
[Site "Vratsa BUL"]
[Date "1975.10.28"]
[Round "5"]
[White "Ermenkov, Evgeny"]
[Black "Sigurjonsson, Gudmundur"]
[Result "1/2-1/2"]
[WhiteElo "2430"]
[BlackElo "2475"]
[EventDate "1975.10.23"]
[PlyCount "33"]

1.d4 Nf6 2.c4 g6 3.Nc3 Bg7 4.e4 d6 5.Nf3 O-O 6.Be2 e5 7.O-O Nbd7 8.Re1 c6 
9.Rb1 a5 10.Bf1 Re8 11.d5 Nc5 12.b3 Qc7 13.Nd2 Bg4 14.f3 Bd7 15.Kh1 Reb8 
16.a3 cxd5 17.exd5 1/2-1/2